000 01509nam a2200457 i 4500
001 36931
003 KOSZ 005
005 20220607094859.0
008 981010s1998 pl |000 0 pol
015 _aUWD 1998/14227
020 _a8387704024
035 _a991006919029705066
035 _a(PL-WaBN)b11798920-48omnis_nlop
035 _ab11798920
035 _a(OCoLC)751074805
035 _axx001647852
035 _a(PL)b0000001179892
035 _a(EXLNZ-48OMNIS_NETWORK)9910480630305606
040 _aWA N
_cWA N
_dKOSZ 005/HR
041 0 _apol
046 _k1998
080 _a32-027.21
080 _a(075.8)
100 1 _aBlok, Zbigniew
_d(1942- )
_eRedakcja
245 1 0 _aTeoria polityki :
_bstudia /
_cZbigniew Blok.
260 _aPoznań :
_bWydaw. Naukowe UAM - Uniwersytetu im. Adama Mickiewicza,
_c1998.
300 _a142 s. ;
_c24 cm.
336 _aTekst
_btxt
_2rdacontent
337 _aBez urządzenia pośredniczącego
_bn
_2rdamedia
338 _aWolumin
_bnc
_2rdacarrier
380 _aKsiążki
388 _a1901-2000
388 _a1989-2000
650 7 _aTeoria polityki
_2DBN
655 7 _aPodręczniki akademickie
_2DBN
658 _aPolityka, politologia, administracja publiczna
710 2 _aWydawnictwo Naukowe Uniwersytetu im. Adama Mickiewicza (Poznań)
_4pbl
856 _uhttp://koha.tu.koszalin.pl/cgi-bin/koha/opac-detail.pl?biblionumber=36931
_yKatalog online BPK
942 _2UKD
_cKS
999 _c36931
_d36931